000 00732cam a22001814a 4500
020 _a1844070034 (hardback)
020 _a1844070042 (pbk.)
082 0 0 _a363.61091724
_bWAT
245 0 0 _aWater and sanitation in the world's cities :
_blocal action for global goals /
_cUnited Nations Human Settlements Programme (UN-HABITAT).
260 _aLondon ;
_aSterling, VA :
_bEarthscan Publications,
_c2003.
300 _axxv, 274 p. :
_bill., map ;
_c31 cm.
526 _a0
_b0
_c0
_d363_610917240000000_WAT
650 0 _aMunicipal water supply
_zDeveloping countries.
_938095
650 0 _aNUST
_96342
650 0 _aSanitation
_zDeveloping countries.
_923598
710 2 _aUnited Nations Human Settlements Programme.
_920258
942 _2ddc
_cBK
999 _c542772
_d542772